Vista normal
Vista MARC
Entrada Nombre corporativo
Número de registros utilizados en: 13
001 - NÚMERO DE CONTROL
- Campo de control: 1903
003 - IDENTIFICADOR DE NÚMERO DE CONTROL
- Campo de control: ES-MaCES
005 - FECHA Y HORA DE LA ULTIMA MODIFICACION
- Campo de control: 20020703111200.0
008 - ELEMENTOS DE DATOS DE LONGITUD FIJA
- Campo de longitud fija: 981120 | azznnaabn || ana d
035 ## - NÚMERO DE CONTROL DEL SISTEMA
- Número de control del sistema: CES19980002619e
040 ## - FUENTE DE LA CATALOGACIÓN
- Agencia original de catalogación: ES-MaCES
- Idioma de catalogación: spa
- Agencia de transcripción: ES-MaCES
110 2# - ENCABEZAMIENTO--NOMBRE CORPORATIVO
- Nombre corporativo o de jurisdicción como elemento de entrada: Centro Español de Relaciones Internacionales
410 2# - TRAZADO VEÁSE--NOMBRE CORPORATIVO
- Nombre corporativo o de jurisdicción como elemento de entrada: CERI
510 2# - TRAZADO VEÁSE ADEMÁS--NOMBRE CORPORATIVO
- Nombre corporativo o jurisdicción como elemento de entrada: Instituto Español de Relaciones Internacionales y Política Exterior
670 ## - FUENTE DE DATOS ENCONTRADOS
- Fuente de citación: Llamada telefónica a INCIPE-CERI
- Información encontrada: : a partir del año 2000, CERI se fusiona con INCIPE, y pasan a denominarse conjuntamente como Instituto Español de Relaciones Internacionales y Política Exterior
901 ## - CES. DATOS SIRTEX
- ID Sirtex (N5N8): 0001800000261
- 005BIS Sirtex: 199811201750MIG

